书目信息 |
| 书名: | Front row center | |
| 作者: | by Jack Brooks ; theatre sketches by Denise Peach. | |
| 分册号: | ||
| 分册名: | 出版地: | San Francisco : |
|
| 出版社: | 101 Productions | |
| 出版时间: | c1984. | |
| 页数: | vi, 245 p. : | |
| 开本: | 23 cm. | |
| 丛书名: | ||
| 中图分类号: | ||
| 科图分类号: | ||
| 其他分类号: | TU242.1 | |
| 主题词: | ||
| 电子资源: | ||
| 000 | 00911cam a2200265 a 450 | |
| 001 | E0760530266 | |
| 005 | 20070429164959.07 | |
| 008 | 830429s1984 caua r 001 0 eng | |
| 010 | @a83008251 | |
| 020 | @a089286205X (pbk.) :@c$10.95. | |
| 035 | @A(DLC) 83008251 | |
| 040 | @aDLC@cDLC@dDLC | |
| 043 | @an-us-ca | |
| 050 | 00 | @aPN2275.C3@bB69 1984 |
| 082 | 00 | @a792/.09794@2 19 |
| 090 | @aTU242.1 | |
| 099 | @dTU242.1@ex3 | |
| 100 | 1 | @aBrooks, Jack,@dd. 1984. |
| 245 | 10 | @aFront row center :@ba guide to southern and central California theatres / @cby Jack Brooks ; theatre sketches by Denise Peach. |
| 260 | @aSan Francisco :@b101 Productions,@cc1984. | |
| 300 | @avi, 245 p. :@bill. ;@c23 cm. | |
| 500 | @aIncludes index. | |
| 650 | 0 | @aTheaters@zCalifornia@xDirectories. |
| 906 | @a7@bcbc@corignew@d1@eocip@f19@gy-gencatlg | |
| 991 | @bc-GenColl@hPN2275.C3@iB69 1984@p00024224934@tCopy 1@wBOOKS | |
| Front row center : : a guide to southern and central California theatres / / by Jack Brooks ; theatre sketches by Denise Peach.-San Francisco : : 101 Productions, , c1984. |
| vi, 245 p. : : ill. ; ; 23 cm. |
| Includes index. |
| ISBN 089286205X (pbk.) :$10.95. |
| ● |
| 相关链接 |
|
|
|
|
正题名:Front row center
索取号:TU242.1/x3
 
预约/预借
| 序号 | 登录号 | 条形码 | 馆藏地/架位号 | 状态 | 备注 |
| 1 | 6110 | 300061108 | 第二样本阅览室/ [索取号:TU242.1/x3] | 在馆 |